000 00787cam a22002414a 4500
001 13775902
005 20180814040337.0
008 041108s2006 nyua b 001 0 eng
010 _a 2004063593
020 _a0072885246 (pbk. : alk. paper)
040 _aDLC
_cDLC
_dDLC
041 _aeng
042 _apcc
080 _a301
082 0 0 _a301
_222
100 1 _aM50
101 _asoc
245 1 4 _aThe practical skeptic :
_cLisa J. McIntyre.
504 _aIncludes bibliographical references (p. 245-252) and index.
906 _a7
_bcbc
_corignew
_d1
_eocip
_f20
_gy-gencatlg
942 _2ddc
_cBK
999 _c47076
_d47076